O IRB sa uchádza zatiaľ málo známa skupina Regent Group
Záujemci a budúci majoritný vlastník Investičnej a rozvojovej banky (IRB), a.s. Bratislava. Pozvoľné znižovanie stratovosti banky. Pozvoľný nárast vkladov klientov banky. Pokles úrokovej miery zvyšuje šance dosiahnutia reálneho zisku. Výsledky hospodárenia IRB. Potenciálni investori a záujemcovia o...
Gespeichert in:
| Format: | Buchkapitel |
|---|---|
| Sprache: | Slowakisch |
| Schlagworte: | |
| Tags: |
Keine Tags, Fügen Sie das erste Tag hinzu!
|
MARC
| LEADER | 00000naa a2200000 4500 | ||
|---|---|---|---|
| 001 | r039853 | ||
| 005 | 20230921110340.0 | ||
| 041 | 0 | |a slo | |
| 044 | |a SK | ||
| 245 | 1 | 0 | |a O IRB sa uchádza zatiaľ málo známa skupina Regent Group |
| 520 | |a Záujemci a budúci majoritný vlastník Investičnej a rozvojovej banky (IRB), a.s. Bratislava. Pozvoľné znižovanie stratovosti banky. Pozvoľný nárast vkladov klientov banky. Pokles úrokovej miery zvyšuje šance dosiahnutia reálneho zisku. Výsledky hospodárenia IRB. Potenciálni investori a záujemcovia o IRB. | ||
| 610 | 2 | 0 | |a banky |
| 610 | 2 | 0 | |a hospodárenie finančné |
| 610 | 2 | 0 | |a strata |
| 610 | 2 | 0 | |a zisk |
| 610 | 2 | 0 | |a vklady |
| 610 | 2 | 0 | |a klienti |
| 610 | 2 | 0 | |a miera úroková |
| 610 | 2 | 0 | |a investície zo zahraničia |
| 610 | 2 | 0 | |a IRB, a.s. Bratislava |